Abstract algebra / (Record no. 195962)
[ view plain ]
| 000 -LEADER | |
|---|---|
| fixed length control field | 00666nam a2200229Ia 4500 |
| 003 - CONTROL NUMBER IDENTIFIER | |
| control field | OSt |
| 005 - DATE AND TIME OF LATEST TRANSACTION | |
| control field | 20220714105021.0 |
| 008 - FIXED-LENGTH DATA ELEMENTS--GENERAL INFORMATION | |
| fixed length control field | 210716s2017 xx 000 0 und d |
| 020 ## - INTERNATIONAL STANDARD BOOK NUMBER | |
| International Standard Book Number | 9789384007249 |
| 040 ## - CATALOGING SOURCE | |
| Transcribing agency | AIMIT LIBRARY |
| 041 ## - LANGUAGE CODE | |
| Language code of text/sound track or separate title | eng |
| 082 ## - DEWEY DECIMAL CLASSIFICATION NUMBER | |
| Classification number | 512 |
| Edition number | 2 |
| Item number | SARD |
| 100 ## - MAIN ENTRY--PERSONAL NAME | |
| Personal name | Saracino, Dan. |
| 9 (RLIN) | 49095 |
| 245 ## - TITLE STATEMENT | |
| Title | Abstract algebra / |
| Statement of responsibility, etc. | By Dan Saracino. |
| 250 ## - EDITION STATEMENT | |
| Edition statement | 2nd ed. |
| 260 ## - PUBLICATION, DISTRIBUTION, ETC. | |
| Place of publication, distribution, etc. | New Delhi : |
| Date of publication, distribution, etc. | 2017. |
| Name of publisher, distributor, etc. | MEDTECH |
| 300 ## - PHYSICAL DESCRIPTION | |
| Extent | 313p. ; |
| Dimensions | 23 cm. |
| 650 ## - SUBJECT ADDED ENTRY--TOPICAL TERM | |
| Topical term or geographic name entry element | Binary operations |
| 9 (RLIN) | 49096 |
| 650 ## - SUBJECT ADDED ENTRY--TOPICAL TERM | |
| Topical term or geographic name entry element | Counting the elements of a finite group |
| 9 (RLIN) | 49097 |
| 650 ## - SUBJECT ADDED ENTRY--TOPICAL TERM | |
| Topical term or geographic name entry element | Constructions with straightedge and compass |
| 9 (RLIN) | 49098 |
| 942 ## - ADDED ENTRY ELEMENTS (KOHA) | |
| Source of classification or shelving scheme | Dewey Decimal Classification |
| Koha item type | Book |
| Edition | 2nd |
| Call number prefix | 512 SARD |
| Withdrawn status | Lost status | Source of classification or shelving scheme | Damaged status | Not for loan | Collection code | Home library | Current library | Source of acquisition | Cost, normal purchase price | Inventory number | Total Checkouts | Full call number | Barcode | Date last seen | Cost, replacement price | Price effective from | Koha item type |
|---|---|---|---|---|---|---|---|---|---|---|---|---|---|---|---|---|---|
| Dewey Decimal Classification | MCA | St Aloysius Institute of Management & Information Technology | St Aloysius Institute of Management & Information Technology | Scientific International Pvt Ltd | 295.00 | Bill no:SI/2669/2017-18; Bill dt | 512 SARD | MCA15475 | 07/21/2025 | 206.50 | 07/16/2021 | Book |